Is There Still Any Space for New Social Media? Tiktok is an Answer

Hlavným cieľom tohto článku je identifikovať konkurenčnú výhodu TikToku ako platformy, ktorá výrazne priťahuje pozornosť spotrebiteľov. Hĺbkový rozhovor ako primárna výskumná metóda. Zistenia štúdie naznačujú, že konkurenčná výhoda nových platforiem sociálnych médií spočíva v prispôsobovaní sa neust...

Descripción completa

Guardado en:
Detalles Bibliográficos
Autor principal: Kuchta, Martin, 1990-
Otros Autores: Stanková, Monika, 1993-
Formato: Capítulo de libro
Lenguaje:inglés
Materias:
Etiquetas: Agregar Etiqueta
Sin Etiquetas, Sea el primero en etiquetar este registro!

MARC

LEADER 00000naa$a2200000$$$4500
001 0265112
005 20240502074207.8
041 0 |a eng 
044 |a SK 
245 1 0 |a Is There Still Any Space for New Social Media? Tiktok is an Answer  |c Martin Kuchta, Monika Stanková 
520 |a Hlavným cieľom tohto článku je identifikovať konkurenčnú výhodu TikToku ako platformy, ktorá výrazne priťahuje pozornosť spotrebiteľov. Hĺbkový rozhovor ako primárna výskumná metóda. Zistenia štúdie naznačujú, že konkurenčná výhoda nových platforiem sociálnych médií spočíva v prispôsobovaní sa neustále sa rozvíjajúcej spotrebiteľskej mediálnej spotrebe. 
610 2 0 |a siete sociálne 
610 2 0 |a médiá 
610 2 0 |a marketing elektronický 
610 2 0 |a konkurencieschopnosť 
610 2 0 |a aplikácie mobilné 
100 1 |a Kuchta, Martin, 1990- 
700 1 |a Stanková, Monika, 1993-